Central Library OPAC University of Rajshahi

Foundations of Turkish nationalism : (Record no. 65454)

MARC details
000 -LEADER
fixed length control field 00710nam a2200241 a 4500
001 - CONTROL NUMBER
control field 65454
003 - CONTROL NUMBER IDENTIFIER
rucl marc code BD-RjUL
005 - DATE AND TIME OF LATEST TRANSACTION
control field 20211209081428.0
008 - FIXED-LENGTH DATA ELEMENTS--GENERAL INFORMATION
fixed length control field 170306s1950 enk b 000 0beng
035 ## - SYSTEM CONTROL NUMBER
System control number (BD-RjUL)65584
040 ## - CATALOGING SOURCE
Original cataloging agency DLC
Transcribing agency OGK
Modifying agency BD-RjUL
Language of cataloging eng
041 1# - LANGUAGE CODE
Language code of text/sound track or separate title engheb
082 ## - DEWEY DECIMAL CLASSIFICATION NUMBER
Classification number 956.1
Edition number 23
Author mark and year HEF 1950
100 1# - MAIN ENTRY--PERSONAL NAME
Personal name Heyd, Uriel.
9 (RLIN) 183206
245 10 - TITLE STATEMENT
Title Foundations of Turkish nationalism :
Remainder of title the life and teachings of Ziya Gökalp. /
Statement of responsibility, etc. Uriel Heyd
260 ## - PUBLICATION, DISTRIBUTION, ETC. (IMPRINT)
Place of publication, distribution, etc. London :
Name of publisher, distributor, etc. Luzac,
Date of publication, distribution, etc. 1950.
300 ## - PHYSICAL DESCRIPTION
Pagination 174 p. ;
Size 20 cm.
504 ## - BIBLIOGRAPHY, ETC. NOTE
Bibliography, etc Includes bibliography
600 10 - SUBJECT ADDED ENTRY--PERSONAL NAME
Personal name Gökalp, Ziya,
Dates associated with a name 1876-1924.
650 ## - SUBJECT ADDED ENTRY--TOPICAL TERM
Topical term or geographic name as entry element Turkey
Form subdivision Nationalism
9 (RLIN) 193704
942 ## - ADDED ENTRY ELEMENTS (KOHA)
Source of classification or shelving scheme Dewey Decimal Classification
Koha item type Books
Holdings
Lost status Source of classification or shelving scheme Damaged status Not for loan Collection code Permanent Location Current Location Shelving location Date acquired Source of acquisition Cost, normal purchase price Total Checkouts Full call number Date last seen Copy number Koha item type
  Dewey Decimal Classification   Not For Loan Non-fiction Central Library, University of Rajshahi Central Library, University of Rajshahi Reading Room 19/02/1957 Pub.uni.Ltd. 10.30   956.1 HEF 1950 06/03/2017 C-1 Books